Sports Quiz

Random Sports Quiz

Toronto Blue Jays 200 Quiz Stats

 Plays Quiz not verified by Sporcle

Challenge
Share
Tweet
Embed
Score 0/198 Timer 18:00
0 Plays Today
Games Played Player % Correct
703Roberto Alomar
94.6%
1,393Vernon Wells
94.1%
1,423Carlos Delgado
94%
1,039Joe Carter
93.9%
306David Wells
93.9%
1,450Tony Fernandez
93%
1,181George Bell
92%
79Derek Bell
91.8%
771Aaron Hill
90.1%
656Devon White
90.1%
138Glenallen Hill
89.5%
920John Olerud
88.6%
313Roy Halladay
88.3%
610Reed Johnson
87.6%
400Cliff Johnson
87.2%
295Jose Bautista
87%
430Dave Stieb
86.9%
716Shawn Green
85.9%
1,032Jesse Barfield
85.2%
405Paul Molitor
84.9%
921Kelly Gruber
84.8%
747Pat Borders
84%
446Tom Henke
83.5%
1,392Lloyd Moseby
82.5%
907Shannon Stewart
81.7%
890Alex Gonzalez
80.9%
85Alex Gonzalez
80.9%
454Buck Martinez
80.1%
141Sandy Martinez
80.1%
1,193Ernie Whitt
79.8%
452Duane Ward
78%
578Fred McGriff
77.7%
98Turner Ward
77.7%
753Manuel Lee
76.6%
156Dave Winfield
76.5%
496Adam Lind
76.1%
318Jimmy Key
76%
888Ed Sprague
75.7%
902Damaso Garcia
75.3%
103Carlos Garcia
75.2%
171Frank Thomas
74.8%
270Pat Hentgen
73.8%
138Edwin Encarnacion
73.4%
698Jose Cruz
73.1%
1,115Rance Mulliniks
72.8%
723Lyle Overbay
72%
287Mookie Wilson
71.8%
192Tom Wilson
71.7%
324Tony Batista
71.7%
109Miguel Batista
71.5%
195Juan Guzman
71.2%
190Roy Lee Jackson
70.7%
809Alexis Rios
69.9%
535Gregg Zaun
68.8%
151Jose Canseco
68.8%
91Bob Davis
68.4%
268Troy Glaus
68.4%
203Scott Rolen
67.6%
166Woody Williams
67%
829Alfredo Griffin
66.8%
912Garth Iorg
65.6%
1,020Willie Upshaw
65.4%
375Greg Myers
64.8%
655Eric Hinske
62.7%
155B.J. Ryan
62%
296Jim Clancy
60.6%
Games Played Player % Correct
462Orlando Hudson
60.5%
152Chris Carpenter
60.4%
540Darrin Fletcher
60.2%
301Kelvim Escobar
59.6%
320Raul Mondesi
58.3%
484John McDonald
58%
305Homer Bush
58%
134Felipe Lopez
57.5%
90Aquilino Lopez
57.5%
117Bengie Molina
57.3%
286Russ Adams
56.4%
206Todd Stottlemyre
55.7%
228Otis Nixon
54.2%
178Tomas Perez
54%
144Robert Perez
53.9%
466Frank Catalanotto
53.7%
233Shea Hillenbrand
53.7%
220Cecil Fielder
53.2%
250Candy Maldonado
52.3%
118John Buck
52.1%
106Doyle Alexander
51.6%
386Paul Quantrill
50.7%
193Billy Koch
49.7%
411Jason Frasor
49.4%
279Brad Fullmer
48.7%
110Fred Lewis
48.6%
79Trever Miller
48.3%
305Mike Timlin
48.2%
112Benito Santiago
48.2%
237Junior Felix
47.8%
132Alberto Castillo
47.6%
218Tony Castillo
47.5%
281Josh Phelps
47.1%
260John Mayberry
46.9%
81A.J. Burnett
46%
190Domingo Cedeno
45.3%
279Mark Eichhorn
45.3%
109Chris Gomez
45.1%
120Shaun Marcum
45%
318Nelson Liriano
44.9%
91Al Leiter
44.7%
81Willie Greene
44.7%
124Pete Walker
44.5%
79Mark Whiten
44.2%
109Howie Clark
43.7%
289Marco Scutaro
43.7%
246Dave Collins
42.3%
142Roy Howell
42.2%
183Travis Snider
42.1%
229Rod Barajas
40.8%
191John Cerutti
40.8%
89Ted Lilly
40.8%
80Jason Phillips
40.6%
212Otto Velez
40.1%
230Matt Stairs
39.9%
351Chris Woodward
39.7%
169Shawn Camp
38.7%
279Al Woods
38.6%
97Corey Koskie
38.2%
124Danny Ainge
37.8%
131Pat Tabler
37.4%
128Ken Huckaby
37%
98Mike Stanley
37%
457Barry Bonnell
36.8%
347Scott Downs
35.9%
262Dan Plesac
35.5%
Games Played Player % Correct
101Kevin Cash
35.3%
165Luis Leal
34.7%
178Charlie O'Brien
34.6%
188Rob Ducey
34%
131Dick Schofield
33.9%
117Bob Bailor
33.2%
108Josh Towers
33%
76David Eckstein
32.9%
166Casey Janssen
32.7%
78Kevin Millar
31.8%
168Brandon League
31.6%
281Jim Acker
31%
84Gabe Gross
31%
376Rick Leach
30.7%
98Orlando Merced
30.6%
135Randy Knorr
30.2%
73Sil Campusano
29.9%
76Dustin McGowan
29.6%
94Jeff Musselman
28.9%
152Hosken Powell
28.7%
75Esteban Loaiza
28.7%
78Danny Cox
28.3%
74Graeme Lloyd
27.5%
149Dennis Lamp
26.8%
104Paul Spoljaric
26.5%
85Brad Wilkerson
26.4%
76Mike Flanagan
26.3%
76Bob Macdonald
26.2%
107Bill Caudill
25.7%
128Jerry Garvin
25.2%
202Craig Grebeck
25.1%
86Jeff Burroughs
25.1%
195Joey McLaughlin
24.6%
185Justin Speier
24.5%
133Jeremy Accardo
24.3%
112Darnell Coles
24.2%
78Rick Bosetti
24%
228Dave Berg
22.5%
105Willie Aikens
22.3%
157Juan Samuel
22.2%
89Bob File
21.7%
99Jim Gott
21.3%
142Frank Menechino
21.1%
210Jacob Brumfield
20.3%
74Tom Lawless
20.2%
92Gary Lavelle
20.1%
102Mike Bordick
19.9%
132Vinnie Chulk
19.5%
100Felipe Crespo
19.1%
214Brian Tallet
18.7%
82Frank Wills
18.6%
103Jorge Orta
18.5%
147Joe Inglett
18.3%
122Dewayne Wise
17.7%
146Pedro Borbon
17.5%
152Mike Huff
17.1%
74Jeff Frye
17.1%
79Lou Thornton
16.6%
75Tilson Brito
16.3%
109Cliff Politte
15.8%
142Jesse Carlson
15.8%
121Tim Crabtree
15.2%
135Scott Schoeneweis
14.9%
105John Frascatore
13.3%
115Ron Shepherd
12.5%
74Jason Kershner
11.3%

You're not logged in!

Compare scores with friends on all Sporcle quizzes.
OR
Log In

You Might Also Like...

Show Comments

Extras

Top Quizzes Today


Score Distribution

Your Account Isn't Verified!

In order to create a playlist on Sporcle, you need to verify the email address you used during registration. Go to your Sporcle Settings to finish the process.

Report this User

Report this user for behavior that violates our Community Guidelines.

Details: